00592nam a2200157 a 4500003000200000005001700002008004100019050003100060100001800091245008100109260009000190300004000280504004100320650004500361650002800406020250208113706.0130123s19uu xx 00 eng d aPHS LB 1028.3 b.L477 2012 aLee, Tae Hun. aUse of E-technology in the classroom and motivation to learn /cLee Tae Hun. aLas Piñas City, Philippines :bSouthville International School and Colleges,c2012. a31 pages :billustrations ;c28 cm. aIncludes bibliographical references. aComputer assisted instructionxInfluence aMotivation in education